[Event "IECC CL6-2004.17 email"]
[Site "IECC email"]
[Date "2004.08.14"]
[Round "?"]
[White "McCarthy, Michael"]
[Black "Popp, Tony"]
[Result "0-1"]
[WhiteElo "1263"]
[BlackElo "1311"]
[PlyCount "46"]
[EventDate "2004.??.??"]
[EventType "tourn (corr)"]
[EventRounds "4"]
[SourceTitle "Corr 2008"]
[Source "ChessBase"]
[SourceDate "2008.06.24"]
[SourceVersion "1"]
[SourceVersionDate "2008.06.24"]
[SourceQuality "1"]

1. c4 c5 2. Nc3 Nf6 3. g3 e6 4. Bg2 a6 5. d3 Nc6 6. e4 e5 7. Nf3 Be7 8. 0-0 0-0 9. Be3 Ng4 10. Qd2 Nxe3 11. Qxe3 d6 12. Nd5 f5 13. Nxe7+ Qxe7 14. exf5 Bxf5 15. a3 Qd7 16. Rfd1 Bg4 17. Rd2 Na5 18. Rc2 Nb3 19. Rb1 Bxf3 20. Bxf3 Nd4 21. Bxb7 Qxb7 22. Rcc1 Rf3 23. Qd2 Rxg3+ 0-1

[Event "IECC Swiss email"]
[Site "IECC email"]
[Date "2003.03.30"]
[Round "?"]
[White "McCarthy, Michael"]
[Black "Fuhrmann, Andreas"]
[Result "0-1"]
[WhiteElo "1267"]
[BlackElo "1764"]
[PlyCount "38"]
[EventDate "2003.??.??"]
[EventType "tourn (corr)"]
[EventRounds "6"]
[SourceTitle "Corr 2008"]
[Source "ChessBase"]
[SourceDate "2008.06.24"]
[SourceVersion "1"]
[SourceVersionDate "2008.06.24"]
[SourceQuality "1"]

1. c4 Nf6 2. Nc3 c5 3. g3 d5 4. cxd5 Nxd5 5. Bg2 Nc7 6. Nf3 Nc6 7. 0-0 e5 8. d3 Be7 9. Qc2 0-0 10. Be3 Nd4 11. Qc1 f6 12. Nd2 Rb8 13. f4 b5 14. fxe5 b4 15. Bxd4 Qxd4+ 16. Kh1 bxc3 17. bxc3 Qxe5 18. e4 Nb5 19. Rf5 Bxf5 0-1

[Event "CFriend SL-2003-0-00002 email"]
[Site "Chessfriend.com"]
[Date "2003.01.18"]
[Round "?"]
[White "Hulse, David"]
[Black "McCarthy, Michael"]
[Result "1-0"]
[WhiteElo "975"]
[BlackElo "1121"]
[PlyCount "75"]
[EventDate "2003.01.18"]
[EventType "tourn (corr)"]
[EventRounds "12"]
[SourceTitle "Corr 2008"]
[Source "ChessBase"]
[SourceDate "2008.06.24"]
[SourceVersion "1"]
[SourceVersionDate "2008.06.24"]
[SourceQuality "1"]

1. e4 d6 2. d4 Nf6 3. Nc3 g6 4. Bf4 Bg7 5. Qd2 Nc6 6. Bb5 Bd7 7. Nf3 0-0 8. e5 dxe5 9. dxe5 Ng4 10. h3 Ngxe5 11. Nxe5 Bxe5 12. Bxc6 Bxc3 13. Qxc3 Bxc6 14. Bh6 f6 15. Bxf8 Kxf8 16. 0-0 Qd5 17. Qg3 Kf7 18. b3 h5 19. h4 b5 20. Rad1 Qe4 21. Rd2 Rg8 22. f3 Qe3+ 23. Qf2 Qxf2+ 24. Kxf2 g5 25. hxg5 Rxg5 26. Rh1 Kg6 27. Rd8 Rc5 28. Rc1 a5 29. Rc8 Bb7 30. Rd8 e5 31. c4 bxc4 32. Rxc4 Rxc4 33. bxc4 Ba6 34. c5 c6 35. Ra8 Bb5 36. Rxa5 Kg5 37. Rxb5 cxb5 38. c6 1-0

[Event "CFriend SL-2003-0-00002 email"]
[Site "Chessfriend.com"]
[Date "2003.01.18"]
[Round "?"]
[White "McCarthy, Michael"]
[Black "Agnew, George Hartwell"]
[Result "0-1"]
[WhiteElo "1121"]
[BlackElo "1057"]
[PlyCount "64"]
[EventDate "2003.01.18"]
[EventType "tourn (corr)"]
[EventRounds "12"]
[SourceTitle "Corr 2008"]
[Source "ChessBase"]
[SourceDate "2008.06.24"]
[SourceVersion "1"]
[SourceVersionDate "2008.06.24"]
[SourceQuality "1"]

1. b4 e5 2. Bb2 Bxb4 3. Bxe5 f6 4. Bb2 Nc6 5. Nf3 d5 6. e3 Bf5 7. Bb5 Nge7 8. 0-0 a6 9. Ba4 b5 10. Bb3 Qd7 11. Nc3 0-0-0 12. a3 Bxc3 13. Bxc3 Kb7 14. Nd4 Ne5 15. Nxf5 Nxf5 16. a4 c6 17. axb5 cxb5 18. Qh5 g6 19. Qe2 Qc6 20. f4 Nd7 21. Ra2 Rhe8 22. Qf3 Nb6 23. Rfa1 Ra8 24. Ba5 Re4 25. Bxb6 Kxb6 26. Re1 Rd8 27. d3 Re7 28. c4 Nd4 29. exd4 Rxe1+ 30. Kf2 Rde8 31. cxd5 Qc3 32. Bd1 Qxd4+ 0-1

[Event "CFriend SL-2003-0-00002 email"]
[Site "Chessfriend.com"]
[Date "2003.01.18"]
[Round "?"]
[White "McCarthy, Michael"]
[Black "Croke, Pat"]
[Result "1/2-1/2"]
[WhiteElo "1121"]
[BlackElo "804"]
[PlyCount "72"]
[EventDate "2003.01.18"]
[EventType "tourn (corr)"]
[EventRounds "12"]
[SourceTitle "Corr 2008"]
[Source "ChessBase"]
[SourceDate "2008.06.24"]
[SourceVersion "1"]
[SourceVersionDate "2008.06.24"]
[SourceQuality "1"]

1. e4 c6 2. d4 d5 3. exd5 cxd5 4. Nf3 Bf5 5. Nc3 Nc6 6. Bb5 e6 7. Ne5 Nge7 8. 0-0 a6 9. Ba4 b5 10. Bb3 Nxe5 11. dxe5 Nc6 12. Bf4 d4 13. Ne2 Nb4 14. a3 Bxc2 15. Bxc2 d3 16. Bb3 dxe2 17. Qxe2 Qd3 18. Qe3 Qxe3 19. Bxe3 Nd3 20. Rab1 Nxe5 21. Rfd1 Be7 22. h3 0-0 23. Bf4 Bf6 24. Rbc1 g5 25. Bxe5 Bxe5 26. Rc5 Bxb2 27. Rxg5+ Kh8 28. a4 bxa4 29. Bxa4 Rfd8 30. Rxd8+ Rxd8 31. Ra5 Rd6 32. g3 Bc3 33. Rc5 Bb4 34. Rc4 a5 35. Kg2 Rd2 36. Be8 f5 1/2-1/2

[Event "CFriend SL-2003-0-00002 email"]
[Site "Chessfriend.com"]
[Date "2003.01.18"]
[Round "?"]
[White "McCarthy, Michael"]
[Black "Schoenbuchner, Gertraud"]
[Result "1-0"]
[WhiteElo "1121"]
[BlackElo "817"]
[PlyCount "63"]
[EventDate "2003.01.18"]
[EventType "tourn (corr)"]
[EventRounds "12"]
[SourceTitle "Corr 2008"]
[Source "ChessBase"]
[SourceDate "2008.06.24"]
[SourceVersion "1"]
[SourceVersionDate "2008.06.24"]
[SourceQuality "1"]

1. d4 d5 2. c4 e6 3. Nc3 Bb4 4. Bd2 Nf6 5. Nf3 0-0 6. e3 Bxc3 7. Bxc3 Nc6 8. Bd3 dxc4 9. Bxc4 Ne4 10. 0-0 f6 11. Qd3 Nxc3 12. bxc3 Kh8 13. Rfd1 Na5 14. Bb3 Nxb3 15. axb3 b6 16. b4 Bb7 17. Qe2 Be4 18. Nd2 Qd5 19. Nxe4 Qxe4 20. c4 a5 21. bxa5 bxa5 22. Rdb1 Ra7 23. Rb5 a4 24. Qb2 h6 25. Qb4 Qc2 26. Qxf8+ Kh7 27. Qc5 Qc3 28. Rbb1 Ra5 29. Qxc7 a3 30. Rc1 Qb2 31. Qxa5 e5 32. Qxa3 1-0

[Event "CFriend SL-2003-0-00002 email"]
[Site "Chessfriend.com"]
[Date "2003.01.18"]
[Round "?"]
[White "Nilange, Ashish"]
[Black "McCarthy, Michael"]
[Result "1-0"]
[WhiteElo "1166"]
[BlackElo "1121"]
[PlyCount "39"]
[EventDate "2003.01.18"]
[EventType "tourn (corr)"]
[EventRounds "12"]
[SourceTitle "Corr 2008"]
[Source "ChessBase"]
[SourceDate "2008.06.24"]
[SourceVersion "1"]
[SourceVersionDate "2008.06.24"]
[SourceQuality "1"]

1. e4 Nf6 2. Nc3 d5 3. exd5 Nxd5 4. d3 Nxc3 5. bxc3 Nc6 6. Nf3 g6 7. Be2 Bg7 8. Bd2 0-0 9. 0-0 b6 10. Rb1 Bb7 11. Qc1 Re8 12. Re1 Qd5 13. c4 Qd7 14. c3 Ne5 15. Nxe5 Bxe5 16. c5 Qa4 17. Bd1 Bxh2+ 18. Kxh2 Qh4+ 19. Kg1 Rad8 20. Bg5 1-0

[Event "IECC Swiss email"]
[Site "IECC email"]
[Date "2002.11.16"]
[Round "?"]
[White "McCarthy, Michael"]
[Black "Lopriore, Nunzio"]
[Result "0-1"]
[WhiteElo "1267"]
[BlackElo "1087"]
[PlyCount "44"]
[EventDate "2002.??.??"]
[EventType "tourn (corr)"]
[EventRounds "6"]
[SourceTitle "Corr 2008"]
[Source "ChessBase"]
[SourceDate "2008.06.24"]
[SourceVersion "1"]
[SourceVersionDate "2008.06.24"]
[SourceQuality "1"]

1. e4 c5 2. Bc4 Nc6 3. c3 Nf6 4. Bxf7+ Kxf7 5. d3 d5 6. exd5 Qxd5 7. f3 Bf5 8. Qb3 Ne5 9. Qxd5+ Nxd5 10. Bd2 Nxd3+ 11. Ke2 Nxb2 12. Na3 e5 13. c4 Bd3+ 14. Ke1 Nxc4 15. Nxc4 Bxc4 16. Kf2 Bd3 17. Nh3 c4 18. Ng5+ Kg6 19. h4 Bc5+ 20. Kg3 c3 21. Ne6 Bd6 22. h5+ Kf6 0-1

[Event "IECG CF.2002.0.00032 email"]
[Site "IECG email"]
[Date "2002.08.08"]
[Round "?"]
[White "McCarthy, Michael"]
[Black "Barker, Nick"]
[Result "0-1"]
[WhiteElo "1178"]
[BlackElo "1144"]
[PlyCount "28"]
[EventDate "2002.08.08"]
[EventType "tourn (corr)"]
[EventRounds "6"]
[SourceTitle "Corr 2008"]
[Source "ChessBase"]
[SourceDate "2008.06.24"]
[SourceVersion "1"]
[SourceVersionDate "2008.06.24"]
[SourceQuality "1"]

1. c4 c5 2. Nf3 Nf6 3. d4 cxd4 4. Nxd4 e6 5. g3 Bb4+ 6. Bd2 Qb6 7. e3 0-0 8. a3 Bxd2+ 9. Qxd2 e5 10. Nf3 d6 11. Bg2 Ne4 12. Qc1 Be6 13. Nbd2 Nxf2 14. Kxf2 Nd7 0-1

[Event "IECG CF.2002.0.00032 email"]
[Site "IECG email"]
[Date "2002.08.08"]
[Round "?"]
[White "Nittschalk, Karl"]
[Black "McCarthy, Michael"]
[Result "1-0"]
[WhiteElo "1157"]
[BlackElo "1178"]
[PlyCount "35"]
[EventDate "2002.08.08"]
[EventType "tourn (corr)"]
[EventRounds "6"]
[SourceTitle "Corr 2008"]
[Source "ChessBase"]
[SourceDate "2008.06.24"]
[SourceVersion "1"]
[SourceVersionDate "2008.06.24"]
[SourceQuality "1"]

1. d4 Nf6 2. c4 e6 3. Nf3 b6 4. Nc3 Bb7 5. Bg5 h6 6. Bh4 g5 7. Bg3 Nh5 8. Be5 f6 9. Qd3 fxe5 10. Qg6+ Ke7 11. Qxh5 exd4 12. Nxd4 Bg7 13. e3 Nc6 14. Nxc6+ Bxc6 15. Rc1 Qf8 16. Qg6 Re8 17. e4 Kd8 18. Bd3 1-0

[Event "IECC CL6-2002.17"]
[Site "IECC email"]
[Date "2002.05.20"]
[Round "?"]
[White "McCarthy, Michael"]
[Black "Kowalski, Boleslaw"]
[Result "0-1"]
[WhiteElo "1344"]
[BlackElo "1471"]
[PlyCount "38"]
[EventDate "2002.??.??"]
[EventType "tourn (corr)"]
[EventRounds "4"]
[SourceTitle "Corr 2008"]
[Source "ChessBase"]
[SourceDate "2008.06.24"]
[SourceVersion "1"]
[SourceVersionDate "2008.06.24"]
[SourceQuality "1"]

1. d4 e6 2. c4 Nf6 3. Nc3 b6 4. Nf3 Bb7 5. Bg5 Be7 6. e3 Ne4 7. Bxe7 Qxe7 8. Nxe4 Bxe4 9. Bd3 Bxf3 10. Qxf3 Qb4+ 11. Kd1 Nc6 12. Kc2 0-0 13. Qe4 f5 14. Qh4 Qa4+ 15. b3 Qa3 16. Kc3 Qa5+ 17. Kb2 Qd2+ 18. Bc2 Nb4 19. Rhc1 Nd3+ 0-1

[Event "IECC CL6-2002.17"]
[Site "IECC email"]
[Date "2002.05.20"]
[Round "?"]
[White "McCarthy, Michael"]
[Black "Popp, Tony"]
[Result "1-0"]
[WhiteElo "1308"]
[BlackElo "1298"]
[PlyCount "41"]
[EventDate "2002.??.??"]
[EventType "tourn (corr)"]
[EventRounds "4"]
[SourceTitle "Corr 2008"]
[Source "ChessBase"]
[SourceDate "2008.06.24"]
[SourceVersion "1"]
[SourceVersionDate "2008.06.24"]
[SourceQuality "1"]

1. d4 d5 2. c4 e6 3. Nc3 Be7 4. Nf3 Nf6 5. Bg5 Nbd7 6. e3 0-0 7. Bd3 c5 8. cxd5 cxd4 9. Nxd4 Nxd5 10. Bxe7 Qxe7 11. Nxd5 exd5 12. 0-0 Ne5 13. h3 Nxd3 14. Qxd3 Be6 15. Rac1 Rac8 16. Nb5 b6 17. Nc3 Rfd8 18. Nxd5 Qg5 19. Rxc8 Rxc8 20. e4 Rd8 21. f4 1-0

[Event "IECC KO email"]
[Site "IECC email"]
[Date "2002.04.30"]
[Round "?"]
[White "Daniel, Anthony"]
[Black "McCarthy, Michael"]
[Result "1-0"]
[WhiteElo "1294"]
[BlackElo "1333"]
[PlyCount "77"]
[EventDate "2002.??.??"]
[EventType "tourn (corr)"]
[EventRounds "6"]
[SourceTitle "Corr 2008"]
[Source "ChessBase"]
[SourceDate "2008.06.24"]
[SourceVersion "1"]
[SourceVersionDate "2008.06.24"]
[SourceQuality "1"]

1. Nf3 d5 2. d4 Nf6 3. c4 dxc4 4. g3 c6 5. Bg2 Bg4 6. a4 e6 7. Ne5 Bb4+ 8. Nc3 0-0 9. 0-0 Qa5 10. h3 Bh5 11. Nxc4 Qa6 12. Qd3 Bxc3 13. bxc3 Nbd7 14. Re1 Rac8 15. Ne5 Qxd3 16. Nxd3 h6 17. Nf4 Nb6 18. a5 Nbd5 19. Nxh5 Nxh5 20. Ba3 Rfe8 21. c4 Nc7 22. Rab1 Red8 23. Bc5 Rb8 24. Bxa7 Ra8 25. Rxb7 Ne8 26. Bxc6 Nd6 27. Rc7 Rac8 28. Rxc8 Rxc8 29. Bb5 Nxc4 30. Rc1 Ra8 31. Rxc4 Rxa7 32. a6 Nf6 33. Rc8+ Kh7 34. Rb8 Nd5 35. Rb7 Ra8 36. Rxf7 Nc3 37. Bd3+ Kg8 38. Rb7 Na4 39. a7 1-0

[Event "IECC KO email"]
[Site "IECC email"]
[Date "2002.04.30"]
[Round "?"]
[White "McCarthy, Michael"]
[Black "Daniel, Anthony"]
[Result "0-1"]
[WhiteElo "1316"]
[BlackElo "1311"]
[PlyCount "76"]
[EventDate "2002.??.??"]
[EventType "tourn (corr)"]
[EventRounds "6"]
[SourceTitle "Corr 2008"]
[Source "ChessBase"]
[SourceDate "2008.06.24"]
[SourceVersion "1"]
[SourceVersionDate "2008.06.24"]
[SourceQuality "1"]

1. d4 d5 2. c4 e6 3. Nc3 Nf6 4. Bg5 Be7 5. e3 Nbd7 6. Nf3 0-0 7. Bd3 c6 8. Qc2 h6 9. Bh4 b6 10. 0-0 Bb7 11. cxd5 exd5 12. a3 c5 13. b4 cxb4 14. axb4 Bxb4 15. Ba6 Qc8 16. Bxb7 Qxb7 17. Nb5 Rfc8 18. Qb3 Bf8 19. Bg3 a6 20. Nd6 Bxd6 21. Bxd6 Ne4 22. Bb4 Rc7 23. Rfc1 Rac8 24. Rxc7 Rxc7 25. h3 Rc4 26. Qa3 a5 27. Be7 Qc6 28. Bh4 Qd6 29. Qxd6 Nxd6 30. Nd2 Rc2 31. Bg3 Nc4 32. Nf3 b5 33. Ne1 Rc3 34. Bc7 a4 35. Bd8 Kf8 36. Rb1 Rb3 37. Rc1 a3 38. Nc2 a2 0-1

[Event "IECG CE.2002.0.00025 email"]
[Site "IECG email"]
[Date "2002.03.06"]
[Round "?"]
[White "McCarthy, Michael"]
[Black "Mueller, Klaus Detlef"]
[Result "1/2-1/2"]
[WhiteElo "1287"]
[BlackElo "1200"]
[PlyCount "95"]
[EventDate "2002.03.06"]
[EventType "tourn (corr)"]
[EventRounds "6"]
[SourceTitle "Corr 2008"]
[Source "ChessBase"]
[SourceDate "2008.06.24"]
[SourceVersion "1"]
[SourceVersionDate "2008.06.24"]
[SourceQuality "1"]

1. d4 f5 2. c4 Nf6 3. g3 e6 4. Bg2 d5 5. Nf3 Be7 6. 0-0 0-0 7. Nbd2 c6 8. Ne5 Nbd7 9. Nd3 Ne4 10. Qc2 Nxd2 11. Bxd2 dxc4 12. Qxc4 Nb6 13. Qc3 Nd5 14. Qc1 Bd6 15. Bg5 Qc7 16. Nc5 b6 17. Nb3 h6 18. Bd2 a5 19. a4 Bb7 20. Qc2 Qf7 21. e3 Ba6 22. Rfe1 Nb4 23. Bxb4 Bxb4 24. Red1 Rac8 25. Nc1 c5 26. dxc5 Rxc5 27. Qb1 Rfc8 28. Nd3 Bxd3 29. Rxd3 Qf6 30. Rd1 e5 31. Bd5+ Kh8 32. b3 Rc3 33. Bc4 Rf8 34. Rd3 e4 35. Rxc3 Bxc3 36. Ra2 Rd8 37. Rc2 Kh7 38. Kg2 g5 39. Qc1 Bb4 40. Qb2 Qxb2 41. Rxb2 Kg6 42. h3 Kf6 43. f3 Bc5 44. Re2 Ke5 45. f4+ gxf4 46. gxf4+ Kf6 47. h4 h5 48. Kf2 1/2-1/2

[Event "IECG CE.2002.0.00025 email"]
[Site "IECG email"]
[Date "2002.03.06"]
[Round "?"]
[White "McCarthy, Michael"]
[Black "Szokol, Imre"]
[Result "0-1"]
[WhiteElo "1287"]
[BlackElo "1170"]
[PlyCount "60"]
[EventDate "2002.03.06"]
[EventType "tourn (corr)"]
[EventRounds "6"]
[SourceTitle "Corr 2008"]
[Source "ChessBase"]
[SourceDate "2008.06.24"]
[SourceVersion "1"]
[SourceVersionDate "2008.06.24"]
[SourceQuality "1"]

1. d4 Nf6 2. c4 g6 3. Nc3 Bg7 4. e4 d6 5. f3 0-0 6. Be3 e5 7. d5 Nbd7 8. Qd2 a6 9. Bh6 Nxe4 10. Nxe4 Qh4+ 11. Qf2 Qxh6 12. Bd3 f5 13. Nc3 e4 14. Bc2 e3 15. Qe2 f4 16. 0-0-0 Bxc3 17. bxc3 b5 18. Kb1 Rb8 19. Ka1 b4 20. Qe1 Qg7 21. Ne2 bxc3 22. Qxc3 Qxc3+ 23. Nxc3 Ne5 24. Bb3 Rb4 25. Rd4 a5 26. Rb1 Bf5 27. Rb2 Nd3 28. Re2 Nc1 29. Rb2 Rfb8 30. Nb5 R8xb5 0-1

[Event "IECG CE.2002.0.00021 email"]
[Site "IECG email"]
[Date "2002.01.16"]
[Round "?"]
[White "McCarthy, Michael"]
[Black "Marks, David W"]
[Result "1-0"]
[WhiteElo "1287"]
[BlackElo "1322"]
[PlyCount "65"]
[EventDate "2002.01.16"]
[EventType "tourn (corr)"]
[EventRounds "6"]
[SourceTitle "Corr 2008"]
[Source "ChessBase"]
[SourceDate "2008.06.24"]
[SourceVersion "1"]
[SourceVersionDate "2008.06.24"]
[SourceQuality "1"]

1. d4 d5 2. c4 e6 3. Nc3 Nf6 4. Bg5 Be7 5. e3 0-0 6. Nf3 c6 7. Bd3 a6 8. c5 b5 9. cxb6 Qxb6 10. Qc2 g6 11. 0-0 Nbd7 12. Rfc1 Rb8 13. Na4 Qb4 14. Qxc6 Bb7 15. Qc2 Rfc8 16. Qb3 Qxb3 17. axb3 Kf8 18. Nc3 Ne4 19. Bxe7+ Kxe7 20. Bxa6 Bxa6 21. Rxa6 Rxb3 22. Nxd5+ Kd8 23. Rxc8+ Kxc8 24. Ne7+ Kb7 25. Ra2 Nc3 26. Ra1 Rxb2 27. Ng8 Ne4 28. Rf1 Kc7 29. Nh6 f5 30. Nf7 Ndf6 31. h3 Kd7 32. N7e5+ Ke7 33. Nc6+ 1-0

[Event "IECG CE.2002.0.00021 email"]
[Site "IECG email"]
[Date "2002.01.16"]
[Round "?"]
[White "Mori, Roberto"]
[Black "McCarthy, Michael"]
[Result "1-0"]
[WhiteElo "1284"]
[BlackElo "1287"]
[PlyCount "63"]
[EventDate "2002.01.16"]
[EventType "tourn (corr)"]
[EventRounds "6"]
[SourceTitle "Corr 2008"]
[Source "ChessBase"]
[SourceDate "2008.06.24"]
[SourceVersion "1"]
[SourceVersionDate "2008.06.24"]
[SourceQuality "1"]

1. e4 Nf6 2. e5 Nd5 3. d4 d6 4. Nf3 Bg4 5. h3 Bxf3 6. Qxf3 dxe5 7. dxe5 e6 8. Nc3 Nc6 9. Bb5 Bb4 10. 0-0 0-0 11. Bxc6 bxc6 12. Qg3 Kh8 13. Ne4 h6 14. Rd1 Qc8 15. a3 Ba5 16. Qh4 f5 17. exf6 Nxf6 18. Bxh6 Nxe4 19. Be3+ Kg8 20. Qxe4 Qe8 21. c4 a6 22. c5 Qf7 23. Qxc6 Qf6 24. b4 Bxb4 25. axb4 Qf7 26. Rd7 Qe8 27. Qxc7 Rf7 28. Rad1 Rxd7 29. Rxd7 Rc8 30. Rxg7+ Kf8 31. Qg3 Qc6 32. Qg6 1-0

[Event "IECC Swiss email"]
[Site "IECC email"]
[Date "2001.11.13"]
[Round "?"]
[White "McCarthy, Michael"]
[Black "Arnold, Lee"]
[Result "0-1"]
[WhiteElo "1352"]
[BlackElo "1881"]
[PlyCount "48"]
[EventDate "2001.??.??"]
[EventType "tourn (corr)"]
[EventRounds "6"]
[SourceTitle "Corr 2008"]
[Source "ChessBase"]
[SourceDate "2008.06.24"]
[SourceVersion "1"]
[SourceVersionDate "2008.06.24"]
[SourceQuality "1"]

1. d4 Nf6 2. c4 g6 3. Nc3 Bg7 4. e4 d6 5. f3 0-0 6. Be3 c5 7. dxc5 dxc5 8. Qxd8 Rxd8 9. Bxc5 Nc6 10. Ba3 b6 11. Nge2 e6 12. Na4 Bb7 13. g4 Ne5 14. Ng1 Nxe4 15. h4 Nd2 16. Rh3 Nexf3+ 17. Nxf3 Nxf3+ 18. Ke2 Rd2+ 19. Ke3 Bd4+ 20. Kf4 e5+ 21. Kg3 Bf2+ 22. Kg2 Ne1+ 23. Kh2 Be3+ 24. Kg3 Bf4# 0-1

[Event "IECG CP.2001.P.00011"]
[Site "IECG email"]
[Date "2001.10.01"]
[Round "?"]
[White "McCarthy, Michael"]
[Black "Gomez Galan Arense, Joaquin"]
[Result "0-1"]
[WhiteElo "1272"]
[BlackElo "2080"]
[PlyCount "56"]
[EventDate "2001.10.01"]
[EventType "tourn (corr)"]
[EventRounds "6"]
[SourceTitle "Corr 2008"]
[Source "ChessBase"]
[SourceDate "2008.06.24"]
[SourceVersion "1"]
[SourceVersionDate "2008.06.24"]
[SourceQuality "1"]

1. c4 c5 2. Nf3 Nf6 3. Nc3 Nc6 4. g3 e6 5. Bg2 Be7 6. 0-0 d5 7. cxd5 Nxd5 8. d3 0-0 9. Qc2 b6 10. b3 Nxc3 11. Qxc3 Bf6 12. Qc2 Bxa1 13. Bf4 Nb4 14. Qd2 Bf6 15. Ne5 Nd5 16. Nc4 b5 17. Ne5 Bb7 18. Rc1 g5 19. Nxf7 Rxf7 20. Be3 Bd4 21. Bxd4 cxd4 22. e4 Nc3 23. Bh3 Qf6 24. Rf1 b4 25. f4 Qh6 26. Bg2 gxf4 27. Rxf4 Rxf4 28. Qxf4 Ne2+ 0-1

[Event "IECG CE.2001.0.00012 email"]
[Site "IECG email"]
[Date "2001.09.23"]
[Round "?"]
[White "McCarthy, Michael"]
[Black "Hulse, David"]
[Result "0-1"]
[WhiteElo "1272"]
[BlackElo "1220"]
[PlyCount "34"]
[EventDate "2001.09.23"]
[EventType "tourn (corr)"]
[EventRounds "6"]
[SourceTitle "Corr 2008"]
[Source "ChessBase"]
[SourceDate "2008.06.24"]
[SourceVersion "1"]
[SourceVersionDate "2008.06.24"]
[SourceQuality "1"]

1. g4 d5 2. h3 e5 3. Bg2 c6 4. d4 e4 5. f3 Qh4+ 6. Kf1 f5 7. Qe1 Be7 8. Nc3 Be6 9. Bf4 Qxe1+ 10. Kxe1 Bh4+ 11. Kd2 Ne7 12. Bd6 0-0 13. gxf5 Rxf5 14. Bxe7 Bxe7 15. fxe4 Bg5+ 16. Kd1 Rf2 17. Bf3 Rf1# 0-1

[Event "IECG C3.2001.0.00170"]
[Site "IECG email"]
[Date "2001.01.31"]
[Round "?"]
[White "Boettcher, Fred"]
[Black "McCarthy, Michael"]
[Result "1-0"]
[WhiteElo "1248"]
[BlackElo "1354"]
[PlyCount "53"]
[EventDate "2001.01.31"]
[EventType "tourn (corr)"]
[EventRounds "6"]
[SourceTitle "Corr 2008"]
[Source "ChessBase"]
[SourceDate "2008.06.24"]
[SourceVersion "1"]
[SourceVersionDate "2008.06.24"]
[SourceQuality "1"]

1. e4 Nf6 2. e5 Nd5 3. d4 d6 4. Nf3 Bg4 5. Be2 e6 6. 0-0 Be7 7. c4 Nb6 8. h3 Bh5 9. Nc3 0-0 10. Be3 d5 11. c5 Bxf3 12. Bxf3 Nc4 13. b3 Nxe3 14. fxe3 Bg5 15. e4 c6 16. Qd3 b6 17. b4 f6 18. Bg4 Qe7 19. Rae1 Nd7 20. exd5 cxd5 21. exf6 Rxf6 22. Nxd5 Rxf1+ 23. Qxf1 Qd8 24. Bxe6+ Kh8 25. c6 Nf6 26. c7 Qd6 27. Qa6 1-0

[Event "IECG C3.2001.0.00170"]
[Site "IECG email"]
[Date "2001.01.31"]
[Round "?"]
[White "McCarthy, Michael"]
[Black "Hynes, Thomas F"]
[Result "0-1"]
[WhiteElo "1354"]
[BlackElo "1382"]
[PlyCount "50"]
[EventDate "2001.01.31"]
[EventType "tourn (corr)"]
[EventRounds "6"]
[SourceTitle "Corr 2008"]
[Source "ChessBase"]
[SourceDate "2008.06.24"]
[SourceVersion "1"]
[SourceVersionDate "2008.06.24"]
[SourceQuality "1"]

1. d4 Nf6 2. c4 c5 3. d5 b5 4. Nf3 b4 5. a3 g6 6. Nbd2 Bg7 7. e4 d6 8. Nb3 bxa3 9. Rxa3 Nxe4 10. Bd3 Nf6 11. 0-0 0-0 12. Bg5 Qc7 13. Qd2 e6 14. Bh6 Bxh6 15. Qxh6 exd5 16. cxd5 Bb7 17. Bc4 Nbd7 18. Rfa1 Bxd5 19. Bxd5 Nxd5 20. Nbd2 Rfe8 21. Ng5 N7f6 22. Rh3 Nf4 23. Rh4 Qa5 24. Rf1 Qxd2 25. Nxh7 Ne2+ 0-1

[Event "IECG C3.2001.0.00170"]
[Site "IECG email"]
[Date "2001.01.31"]
[Round "?"]
[White "Sabean, Steven"]
[Black "McCarthy, Michael"]
[Result "1-0"]
[WhiteElo "1385"]
[BlackElo "1354"]
[PlyCount "49"]
[EventDate "2001.01.31"]
[EventType "tourn (corr)"]
[EventRounds "6"]
[SourceTitle "Corr 2008"]
[Source "ChessBase"]
[SourceDate "2008.06.24"]
[SourceVersion "1"]
[SourceVersionDate "2008.06.24"]
[SourceQuality "1"]

1. e4 Nf6 2. e5 Nd5 3. d4 d6 4. Nf3 Bg4 5. Be2 e6 6. 0-0 Be7 7. c4 Nb6 8. Nc3 0-0 9. Be3 d5 10. c5 Bxf3 11. gxf3 Nc8 12. f4 Nc6 13. f5 Bg5 14. fxe6 fxe6 15. Bg4 Re8 16. Qe2 a6 17. f4 Bh6 18. f5 Bxe3+ 19. Qxe3 exf5 20. Bxf5 N8e7 21. Be6+ Kh8 22. Rf7 h6 23. Raf1 b5 24. R1f6 Na5 25. Rxh6+ 1-0